000 00994nam a2200289 i 4500
001 000014404
003 DO-SdBNP
005 20251113132711.0
007 ta
008 091211s200? dr ab 000 0 spa d
040 _aDO-SdBNP
_bspa
_cBNPHU
_erda
041 _aspa
049 _aBNPD
082 4 _aR910.021
_bG943c
_222
245 0 0 _aGuía de ciudades y provincias R.D. :
_batlas de 102 mapas diversos.
264 1 _aSanto Domingo :
_bMapas GAAR, S.A.,
_c200?.
300 _a306 páginas :
_bilustraciones ; mapas ;
336 _atexto
_btxt
_2rdacontent
337 _asin mediación
_bn
_2rdamedia
338 _avolumen
_bnc
_2rdacarrier
590 _aInventariado, 2025/BT
650 4 _aCiudades y pueblos
_xHistoria
_zRepública Dominicana
_932619
650 4 _aCiudades y pueblos
_zRepública Dominicana
_932515
_vMapas
651 4 _aRepública Dominicana
_xDescripciones y viajes
_vGuías
_932514
651 4 _aRepública Dominicana
_xVida social y costumbre
_932516
942 _2ddc
_cLBS1
999 _c13995
_d13995